00760nam a2200229 a 4500001001300000003000900013005001700022008004100039020002500080082001700105100002100122245006300143260004900206300000900255500003500264505004600299650002300345902000800368942000700376952013000383999001700513nice12345678IN_TiNIC20260116014818.0050524s1994 mica grp 000 0 eng  a0310903 c507.600a220.601bKAI aKaiser, Walter C aIntroduction to Biblical Hermeneuticsb Search for Meaning aMichigan bZondervan Publishing House c1994 a298p aincludes index and biblioraphy2 aGlossary, Annotated Bibliography, Indexes aBible-Commentaries bSRS cBK 001040708StackRoom-aHMIbHMId2007-08-01g507.60l1o220.601 KAIp020003r2017-08-22s2017-08-11v507.60w2005-05-24yBK c17086d17086